000 00858nam a2200253Ia 4500
003 OSt
005 20220926024455.0
006 a|||||r|||| 00| 0
007 ta
008 220923b |||||||| |||| 00| 0 eng d
020 _a9781859733134
_c3240.1999999999998
037 _b312, 01/12/2009, Pranami Book Service
_cGeneral Book
040 _aRTL
_cRTL
_beng
041 _2eng
_aeng
082 _aY13:582.275Ok3.P, P2
100 _aGardner Katy
_931651
245 0 _aAge, narrative and migration
_b The life course and life histories of Bengali elders in London.
260 _aOxford
_bBerg
_c2002
300 _aviii, 254p
_ccm.
500 _aBibliography: P 235-48
650 _aSociology
942 _hY13:582.275Ok3.P, P2
_cGB
_2CC
999 _c644369
_d644369